000 00345nam a2200169Ia 4500
100 _aKahate/Atul
650 _aNetwork Security
250 _a3
942 _cBK
366 _f20
245 _aCryptography and network security
260 _bMcGraw Hill
_c2013
082 _a5.82
_bKAH
300 _a501
546 _aENGLISH
999 _c23707
_d23707